LEADER 00833naa a2200193 u 4500 001 000000094456 003 CaOOAMICUS 005 20070226130138.0 008 040426s1979 it u000 u ita u 035 $a10992036 040 $aIAR$bita 100 1 $aVentura, Angelo,$d1930-$0(OLS)http://pul/name/60710 245 13$aLa vocazione aristocratica della Signoria /$cAngelo Ventura. 260 $aBologna :$bSocietą editrice il Mulino,$c1979. 300 $aS. 77-98, ;$c21 cm 773 0 $aLa crisi degli ordinamenti comunali e le origini dello stato del rinascimento. 773 0 $tLa crisi degli ordinamenti comunali e le origini dello stato del Rinascimento$w()10982 996 $6245$aLa vocazione aristocratica della Signoria$9(OLS)http://pul/title/121324 996 $6260$aBologna :$bSocietą editrice il Mulino$9(OLS)http://pul/publisher/53095 LEADER 01289naa a2200253 u 4500 001 000000102230 003 CaOOAMICUS 005 20070226130210.0 008 060327s1986 it u000 u ita u 035 $a11083208 040 $aIAR$bita 041 0 $aita$bger 100 1 $aFlores D'Arcais, Giuseppe,$d1908-2004.$0(OLS)http://pul/name/4276 245 13$aIl problema educativo in relazione all'unitą europea /$cGiuseppe Flores D'Arcais. 260 $aMerano/Meran :$bIst.culturale italo-tedesco,$c[1986] 300 $aS. 11-56 ;$c25 cm 500 $adeutsche Zusammenfassung 500 $aIAR: FF-117.16 773 0 $aDie Einheit Europas und das Erziehungsproblem. 773 0 $aL'unitą d'Europa e il problema educativo. 773 0 $aDeutsch-italienisches Kulturinstitut in Südtirol; Akten.$gXVI (1979) 773 0 $aAccademia di studi italo-tedeschi (Merano)$tL'unitą d'Europa e il problema educativo nel mondo culturale italiano e nel mondo culturale tedesco ; Introduzione: La formazione della coscienza europea, educazione europea e organizzazione dell'insegnamento$gXVI (1979)$w()22880 996 $6245$aIl problema educativo in relazione all'unitą europea$9(OLS)http://pul/title/129138 996 $6260$aMerano/Meran :$bIst.culturale italo-tedesco$9(OLS)http://pul/publisher/79184